000 00351nam a2200157Ia 4500
003 OSt
005 20240202170046.0
008 170524s9999 xx 000 0 und d
020 _a978-0563534181
040 _cIIMT
100 _aSavil Julie
245 0 _a101 Colour Schemes that really work
260 _bB .B.C
260 _c2001
942 _2ddc
_c02
999 _c6380
_d6380